[Event "AUTO-ADV-4789"]
[Site "http://www.queenalice.com/game.php?id=1842171"]
[Date "2024.8.19"]
[Round "2"]
[White "matamuff"]
[Black "Capixabba789"]
[Result "0-1"]
[WhiteElo "1884"]
[BlackElo "1987"]

1. Nf3 d6 2. b3 e5 3. g3 e4 4. Nd4 d5 5. c4 Nf6 6. Ba3 Bxa3 7. Nxa3 c5 8. Ndc2
d4 9. d3 Nc6 10. Bg2 Bf5 11. dxe4 Nxe4 12. O-O Nc3 13. Qd2 O-O 14. Nb1 Ne4 15.
Qc1 Bg6 16. Nd2 f5 17. Ne1 Ne5 18. Nb1 Rb8 19. f3 Nf6 20. Nd3 Nxd3 21. exd3 b6
22. Re1 a5 23. Qd2 Qc7 24. Qf4 Qxf4 25. gxf4 Nh5 26. Na3 Nxf4 27. Bf1 Bh5 28.
Bg2 Nxd3 29. Re7 Nf4 30. Kf2 Rf7 0-1

[Event "AUTO-ADV-4806"]
[Site "http://www.queenalice.com/game.php?id=1842204"]
[Date "2024.8.21"]
[Round "1"]
[White "Shizumaru_Hisame"]
[Black "matamuff"]
[Result "1/2-1/2"]
[WhiteElo "1903"]
[BlackElo "1888"]

1. e4 Nf6 2. e5 Nd5 3. c4 Nb6 4. d4 d6 5. exd6 exd6 6. Na3 g6 7. Bd2 Bg7 8. Bc3
O-O 9. Bd3 Nc6 10. d5 Bxc3+ 11. bxc3 Ne7 12. Nf3 Bg4 13. O-O Nd7 14. Be2 Nf5 15.
Re1 Bxf3 16. Bxf3 Nf6 17. Nb5 a6 18. Nd4 Ng7 19. Qb3 b6 20. Nc6 Qd7 21. a4 Rae8
22. Rxe8 Rxe8 23. h3 Ne4 24. Qb2 Nc5 25. a5 Nd3 26. Qb3 Re1+ 27. Rxe1 Nxe1 28.
Be4 Qe8 29. Qb1 Nxg2 30. Kxg2 f5 31. Bd3 Nh5 32. Kf3 bxa5 33. Qb8 Qxb8 34. Nxb8
a4 35. Nxa6 a3 36. Bb1 Nf6 37. Nxc7 Ne4 38. Nb5 Nd2+ 39. Ke3 Nxb1 40. Nxa3 Nxa3
41. Kd3 Kf7 42. Kd4 Nc2+ 43. Kd3 Na3 44. Kd4 Nc2+ 1/2-1/2

[Event "AUTO-ADV-4806"]
[Site "http://www.queenalice.com/game.php?id=1842205"]
[Date "2024.8.21"]
[Round "1"]
[White "matamuff"]
[Black "Shizumaru_Hisame"]
[Result "1-0"]
[WhiteElo "1870"]
[BlackElo "1921"]

1. g3 e5 2. Bg2 d5 3. d3 Nc6 4. a3 Nd4 5. e3 Ne6 6. Ne2 Nf6 7. Nd2 Bd7 8. h3 Bc6
9. b3 Qd7 10. O-O O-O-O 11. Bb2 Bd6 12. b4 Ng5 13. Kh2 d4 14. e4 Rdf8 15. f4
exf4 16. Nxf4 Be5 17. Nc4 Re8 18. Nxe5 Rxe5 19. Ne2 Ne6 20. a4 Bxa4 21. Ra3 Kb8
22. Qd2 Ne8 23. Nc1 Bc6 24. Nb3 f6 25. Rfa1 a6 26. Na5 Bb5 27. Nc4 Rh5 28. Na5
Qf7 29. c4 dxc3 30. Bxc3 g5 31. Bf3 Rh6 32. g4 Rg6 33. e5 fxe5 34. Bxb7 Nd4 35.
Bxd4 exd4 36. Be4 Rg7 37. Nc6+ Kc8 38. Nxd4 Qf4+ 39. Qxf4 gxf4 40. Bf5+ Kb8 41.
Nxb5 axb5 42. Ra8+ Kb7 43. Be4+ Kb6 44. R1a6# 1-0

[Event "AUTO-ADV-4806"]
[Site "http://www.queenalice.com/game.php?id=1842228"]
[Date "2024.8.21"]
[Round "1"]
[White "matamuff"]
[Black "ThiagoBrumN"]
[Result "0-1"]
[WhiteElo "1901"]
[BlackElo "1733"]

1. g3 d5 2. Bg2 c5 3. Nf3 Nc6 4. O-O Nf6 5. c3 e5 6. d3 Bg4 7. Bg5 Be7 8. Nbd2
h6 9. Bxf6 Bxf6 10. Ne1 Qd6 11. Nef3 O-O-O 12. Ne1 h5 13. h3 Be6 14. Kh2 g5 15.
a4 g4 16. h4 e4 17. e3 Bxh4 18. Rg1 f5 19. Nf1 Bg5 20. d4 h4 21. Nd2 Bxe3 0-1

[Event "AUTO-ADV-4806"]
[Site "http://www.queenalice.com/game.php?id=1842229"]
[Date "2024.8.21"]
[Round "1"]
[White "ThiagoBrumN"]
[Black "matamuff"]
[Result "0-1"]
[WhiteElo "1708"]
[BlackElo "1875"]

1. e4 d6 2. Nf3 g6 3. d4 Bg7 4. c3 e5 5. Bc4 Be6 6. d5 Bd7 7. O-O Nf6 8. Bg5 a6
9. Nbd2 b5 10. Bb3 Bc8 11. Re1 O-O 12. Rc1 Bg4 13. h3 Bc8 14. c4 bxc4 15. Bxc4
Nbd7 16. Nb3 h6 17. Be3 Nxe4 18. Qc2 Nef6 19. Qd2 Kh7 20. Kh2 Ng8 21. Bd3 Ndf6
22. Bc4 Ne4 23. Qc2 Bf5 24. Bd3 Ngf6 25. Nh4 Ng4+ 26. Kg1 Nxe3 27. Rxe3 Qxh4 28.
Bxe4 Bxe4 29. Rxe4 Qe7 30. f4 f5 31. Ree1 Rac8 32. Kh1 Qh4 33. Nd2 Qxf4 34. Nf3
e4 35. Nd4 Bxd4 36. Rf1 Qg5 37. b3 a5 38. Qe2 Rfe8 39. Qd3 exd3 40. Rcd1 Re2 41.
Rg1 Bxg1 42. Rxg1 d2 43. a4 Re1 44. Kh2 Qf4+ 45. Kh1 d1=Q 46. Rxe1 Qxe1# 0-1

[Event "AUTO-ADV-4807"]
[Site "http://www.queenalice.com/game.php?id=1842418"]
[Date "2024.8.25"]
[Round "1"]
[White "Canaye14"]
[Black "matamuff"]
[Result "1-0"]
[WhiteElo "1962"]
[BlackElo "1851"]

1. d4 d6 2. Nf3 g6 3. Bf4 Bg7 4. e3 Nd7 5. c4 e6 6. Bd3 a6 7. O-O Ne7 8. Nc3 O-O
9. e4 h6 10. h3 b6 11. Re1 Kh7 12. Qd2 Ng8 13. a3 Bb7 14. Rad1 Rc8 15. b4 Ra8
16. Nh2 h5 17. Nf3 f6 18. Bc2 Bh6 19. Bxh6 Nxh6 20. d5 e5 21. Ne2 Rg8 22. Ng3
Nf8 23. Rb1 Bc8 24. c5 bxc5 25. bxc5 dxc5 26. Bb3 Qd6 27. Nh4 Ne6 28. Re3 Nf4
29. Rc3 Be6 30. Qd1 Bf7 31. Rbc1 Qb6 32. Ba4 Qd6 33. Rxc5 Rg7 34. Rxc7 Be8 35.
Bxe8 Rxe8 36. Rxg7+ Kxg7 37. a4 Nf7 38. Ngf5+ gxf5 39. Nxf5+ Kg6 40. Nxd6 Nxd6
41. Rc6 Rd8 42. Qb1 Ne2+ 43. Kf1 Nd4 44. Rxa6 Nf7 45. Qb2 Rd7 46. Rb6 Nd6 47.
Qb4 Nxe4 48. d6 Ng5 49. a5 Nge6 50. a6 Nc2 51. Qe4+ 1-0

[Event "AUTO-ADV-4807"]
[Site "http://www.queenalice.com/game.php?id=1842419"]
[Date "2024.8.25"]
[Round "1"]
[White "matamuff"]
[Black "Canaye14"]
[Result "0-1"]
[WhiteElo "1889"]
[BlackElo "1935"]

1. Nf3 e6 2. c4 d5 3. e3 c5 4. cxd5 exd5 5. Bb5+ Nc6 6. Ne5 Qb6 7. Bxc6+ bxc6 8.
O-O Nf6 9. h3 Bd6 10. Nf3 O-O 11. d3 Ba6 12. Re1 Rfe8 13. Na3 Rab8 14. Qc2 c4
15. dxc4 dxc4 16. Nxc4 Bxc4 17. b3 Ba6 18. Bb2 Nd7 19. Qf5 Rbd8 20. Ng5 Ne5 21.
Qxh7+ Kf8 22. Qh5 Qc7 23. Nh7+ Ke7 24. f4 Nd3 25. Re2 Nxb2 26. Rxb2 Bd3 27. Qh4+
Kd7 28. Rd2 Bxh7 29. Qxh7 Kc8 30. Qf5+ Kb8 31. Qc2 Rxe3 32. Kh1 Rde8 33. Qc4
Bxf4 34. Qb4+ Ka8 35. Rf1 Re1 36. Rd1 Rxd1 37. Rxd1 Bg3 38. Rf1 f6 39. Qc3 Re6
40. Qd2 Qe7 41. Qc2 Kb7 42. Qd2 Re1 43. Rxe1 Qxe1+ 44. Qxe1 Bxe1 45. Kg1 Kb6 46.
Kf1 Bg3 47. Ke2 Kc5 48. Kd3 g5 49. Kc3 a5 50. a3 Be1+ 51. Kd3 Kd5 52. Ke2 Bg3
53. Kd3 Be5 54. g4 Bb2 55. a4 Kc5 56. Kc2 Be5 57. Kd3 Kb4 58. Ke4 Kxb3 0-1

[Event "AUTO-ADV-4807"]
[Site "http://www.queenalice.com/game.php?id=1842434"]
[Date "2024.8.25"]
[Round "1"]
[White "shmurtz91"]
[Black "matamuff"]
[Result "1-0"]
[WhiteElo "1879"]
[BlackElo "1878"]

1. e4 Nf6 2. Nc3 d5 3. exd5 Nxd5 4. Ne4 Bf5 5. d3 e6 6. Ne2 Be7 7. N4g3 Bg6 8.
c4 Nf6 9. Nf4 Nc6 10. Bd2 a5 11. Bc3 h6 12. d4 Bh7 13. Qb3 Rb8 14. d5 Qd7 15.
dxc6 Qxc6 16. Be2 O-O 17. O-O Bd6 18. Nd3 b5 19. c5 Be7 20. Bf3 Qa6 21. Rad1 b4
22. Be5 Nd7 23. Bd4 Nf6 24. Ne5 Qc8 25. Nc6 Qe8 26. Nxb8 Qxb8 27. Qa4 Nd7 28.
Qxd7 Qd8 29. Qb5 Qe8 30. Qxa5 Bc2 31. Rd2 b3 32. Nh5 Bg5 33. Bxg7 Bxd2 34. Qxd2
Qb5 35. Qxh6 1-0

[Event "AUTO-ADV-4807"]
[Site "http://www.queenalice.com/game.php?id=1842435"]
[Date "2024.8.25"]
[Round "1"]
[White "matamuff"]
[Black "shmurtz91"]
[Result "1-0"]
[WhiteElo "1867"]
[BlackElo "1897"]

1. Nf3 d5 2. e3 c5 3. Bb5+ Nc6 4. Ne5 Bd7 5. Nxd7 Qxd7 6. O-O e6 7. a3 a6 8. Ba4
Be7 9. c3 Nf6 10. d4 c4 11. Nd2 O-O 12. f4 Ne8 13. Nf3 f5 14. Ne5 Nxe5 15. Bxd7
1-0

[Event "AUTO-ADV-4807"]
[Site "http://www.queenalice.com/game.php?id=1842444"]
[Date "2024.8.25"]
[Round "1"]
[White "Fauquinelle"]
[Black "matamuff"]
[Result "1-0"]
[WhiteElo "1986"]
[BlackElo "1862"]

1. e4 d6 2. d4 e5 3. dxe5 dxe5 4. Qxd8+ Kxd8 5. Bc4 Ke7 6. Nf3 f6 7. Bd2 c6 8.
Nc3 Be6 9. Bb3 Na6 10. Bxe6 Kxe6 11. a3 Nc7 12. O-O g5 13. g4 h5 14. h3 hxg4 15.
hxg4 Nh6 16. Nh2 a6 17. f3 Bc5+ 18. Kg2 Ng8 19. Rh1 Ne7 20. Nf1 Ng6 21. Ng3 Nb5
22. Na4 Bd4 23. c3 Ba7 24. b4 Nf4+ 25. Bxf4 gxf4 26. Nh5 Nd6 27. Nb2 b5 28. a4
Nf7 29. axb5 axb5 30. Nd3 Nd6 31. Ra6 Kd7 32. Nxf6+ Kc7 33. Rxh8 Rxh8 34. Rxa7+
Kb6 35. Re7 Nc4 36. Nd7+ Ka6 37. N3c5+ Ka7 38. Nxe5+ Ka8 39. Nxc4 bxc4 40. Ne6
1-0

[Event "AUTO-ADV-4807"]
[Site "http://www.queenalice.com/game.php?id=1842445"]
[Date "2024.8.25"]
[Round "1"]
[White "matamuff"]
[Black "Fauquinelle"]
[Result "1/2-1/2"]
[WhiteElo "1872"]
[BlackElo "1971"]

1. Nf3 d5 2. e3 Nf6 3. c4 c6 4. Nc3 Bg4 5. Be2 e6 6. cxd5 cxd5 7. Ne5 Bxe2 8.
Nxe2 Nbd7 9. Nf3 Bd6 10. d4 e5 11. dxe5 Nxe5 12. Qa4+ Nc6 13. Nfd4 Qa5+ 14. Qxa5
Nxa5 15. f3 O-O 16. O-O Nc6 17. a3 Rfe8 18. Nf5 Bc5 19. b4 Bb6 20. Nd6 Re7 21.
Nf5 Re6 22. Nfd4 Nxd4 23. Nxd4 Re5 24. Kf2 Rc8 25. Bd2 a6 26. Rfc1 Ree8 27. Rxc8
Rxc8 28. Rc1 Rxc1 1/2-1/2

[Event "Challenge"]
[Site "http://www.queenalice.com/game.php?id=1844743"]
[Date "2024.10.5"]
[Round "-"]
[White "madeira39"]
[Black "matamuff"]
[Result "1-0"]
[WhiteElo "1940"]
[BlackElo "1844"]

1. e4 Nf6 2. e5 Nd5 3. d4 Nc6 4. Nf3 d6 5. exd6 cxd6 6. c4 Nb6 7. d5 Nb8 8. Bd3
g6 9. Bg5 Bg7 10. Qe2 Bg4 11. Bc1 O-O 12. Nbd2 N8d7 13. h3 Bxf3 14. Qxf3 Nf6 15.
O-O Nbd7 16. Re1 Ne5 17. Qe3 Nxd3 18. Qxd3 Re8 19. Qb3 b6 20. Nf3 Qd7 21. Bg5 h6
22. Bxf6 exf6 23. Qb4 f5 24. Rab1 Re4 25. b3 Rae8 26. Rxe4 Rxe4 27. Qd2 Qd8 28.
Kf1 Qe8 29. Qb4 Qd8 30. Nd2 Re8 31. Nf3 Qf6 32. Qa4 Ra8 33. Qc6 Qd8 34. Qa4 Qe8
35. Qb4 Rd8 36. Re1 Qd7 37. a4 Bf8 38. Nd4 Qb7 39. Nc6 Rd7 40. Nd4 Re7 41. Rxe7
Qxe7 42. Nc6 Qc7 43. Qb5 Bg7 44. Qb4 Kf8 45. Qe1 Be5 46. Kg1 Bf6 47. Nb4 a5 48.
Nd3 Qe7 49. Qxe7+ Kxe7 50. b4 Kd7 51. bxa5 bxa5 52. Nc1 Kc7 53. Nb3 Bc3 54. Kf1
Kb6 55. Ke2 Bb4 56. Nd4 Kc7 57. Nb5+ Kd7 58. g3 g5 59. Nd4 f4 60. g4 Bc3 61. Nf5
h5 62. gxh5 Bh8 63. Nh6 Ke7 64. Ng4 Kf8 65. f3 Ke7 66. Nh6 Kf6 67. Ng8+ Kf5 68.
Ne7+ Kf6 69. Nc6 Kf5 70. Nxa5 Bc3 71. Nb7 Bb4 72. Nd8 Kf6 73. Nc6 Bc5 74. a5 Kg7
75. a6 1-0

[Event "Challenge"]
[Site "http://www.queenalice.com/game.php?id=1844747"]
[Date "2024.10.5"]
[Round "-"]
[White "matamuff"]
[Black "madeira39"]
[Result "1/2-1/2"]
[WhiteElo "1823"]
[BlackElo "1930"]

1. g3 d5 2. Bg2 e5 3. d3 Bc5 4. a3 Qf6 5. e3 d4 6. e4 Nh6 7. Bxh6 Qxh6 8. Qd2
Qf6 9. b4 Bb6 10. a4 a6 11. a5 Ba7 12. Ne2 c5 13. O-O O-O 14. f4 Qh6 15. f5 Qxd2
16. Nxd2 f6 17. bxc5 Bxc5 18. g4 h6 19. Ng3 Bb4 20. Nf3 Nc6 21. Ne2 Bxa5 22.
Rfd1 Bc7 23. Ng3 Bd6 24. Nh4 Ne7 25. Rdb1 b5 26. Rxb5 Rb8 27. Rxb8 Bxb8 28. Nf3
Bc7 29. h3 Bd6 30. Bf1 Bb4 31. Be2 Nc6 32. Nf1 Bc3 33. Rb1 Nb4 34. Bd1 Bd7 35.
N1d2 Bb5 36. Nb3 Nc6 37. Nc1 Nb4 38. Ne2 Na2 39. Nc1 Nxc1 40. Rxc1 Rc8 41. Kf2
Ba4 42. Ne1 Bd2 43. Ra1 Bb5 44. Nf3 Bc3 45. Rb1 Bc6 46. Ke2 a5 47. Nd2 a4 48.
Rb6 Bxd2 49. Kxd2 Kh7 50. Ra6 Bb5 51. Rb6 Be8 52. Ra6 Rc3 53. Ra8 Bc6 54. Ra6
Bb5 55. Rb6 Be8 56. Rb8 Bc6 57. Rb1 Ra3 58. Kc1 Rc3 59. Kb2 a3+ 60. Ka1 Ba4 61.
Rc1 Be8 62. Ka2 Bf7+ 63. Ka1 a2 64. Bf3 Ra3 65. Kb2 Ra5 66. Ka1 g6 67. Kb2 gxf5
68. gxf5 h5 69. Ra1 Rb5+ 70. Kc1 Kh6 71. h4 Rb8 72. Be2 Rc8 73. Kb2 Rb8+ 74. Kc1
Rc8 75. Kb2 Rb8+ 76. Kc1 Rg8 77. Kb2 Rg2 78. Re1 Rg8 79. Rh1 Rb8+ 80. Ka1 Ra8
81. Rg1 Ra3 82. Kb2 Ra8 83. Ka1 Kh7 84. Kb2 Rb8+ 85. Ka1 Rc8 86. Kb2 Rb8+ 87.
Ka1 1/2-1/2

[Event "AUTO-ADV-4817"]
[Site "http://www.queenalice.com/game.php?id=1844763"]
[Date "2024.10.6"]
[Round "1"]
[White "matamuff"]
[Black "Capixaba789"]
[Result "0-1"]
[WhiteElo "1880"]
[BlackElo "1878"]

1. Nf3 d6 2. b3 e5 3. e4 f5 4. exf5 Bxf5 5. Be2 Nf6 6. d3 Be7 7. O-O O-O 8. Bb2
Nc6 9. Nh4 Be6 10. Ba3 Nd5 11. Nf3 Nd4 12. Nxd4 exd4 13. Bb2 Bf6 14. Nd2 Qe8 15.
Ne4 Be5 16. Bg4 Bf7 17. a3 Qd8 18. g3 Kh8 19. Bh3 Nf6 20. Bc1 Nxe4 21. dxe4 c5
22. Bg2 Bg6 23. f4 Bf6 24. f5 Bf7 25. Rb1 Rb8 26. Bb2 b5 27. Bf3 a5 28. Re1 b4
29. a4 Be5 30. Qd3 Be8 31. Bc1 Bd7 32. Bg2 Bc6 33. Rf1 d5 34. exd5 Bxd5 35. Bxd5
Qxd5 36. Bd2 Bf6 37. Bf4 Rbd8 38. Rbe1 h6 39. g4 Rfe8 40. Bg3 Bg5 41. Bf4 Bxf4
42. Rxe8+ Rxe8 43. Rxf4 Rc8 44. h4 Re8 45. Rf1 Re3 46. Qd1 Rg3+ 47. Kf2 Rg2+ 0-1

[Event "AUTO-ADV-4817"]
[Site "http://www.queenalice.com/game.php?id=1844764"]
[Date "2024.10.6"]
[Round "1"]
[White "Capixaba789"]
[Black "matamuff"]
[Result "1/2-1/2"]
[WhiteElo "1867"]
[BlackElo "1881"]

1. d4 d6 2. e4 g6 3. f4 d5 4. e5 Bg7 5. Nf3 Nh6 6. Bd3 Bf5 7. O-O Bxd3 8. Qxd3
c6 9. Nbd2 O-O 10. Ng5 e6 11. Ndf3 Qe8 12. Bd2 a5 13. a4 Nd7 14. c3 c5 15. dxc5
Nxc5 16. Qe2 Nb3 17. Ra3 Nc5 18. b4 axb4 19. cxb4 Nd7 20. b5 b6 21. Nd4 Nf5 22.
Nxf5 exf5 23. Qf3 Nc5 24. Qxd5 Qd7 25. Qxd7 Nxd7 26. Bb4 Rfe8 27. Bd6 Bf8 28.
Bxf8 Nxf8 29. Rc1 Ne6 30. h4 Nxf4 31. Rc7 Rf8 32. g3 Ne6 33. Nxe6 fxe6 34. Rd3
Rf7 35. Rxf7 Kxf7 36. Rd4 Ke7 37. Kf2 Ra7 38. Rd6 Rb7 39. Ke3 Rb8 40. Kf4 h6 41.
Rc6 Kd7 42. Rd6+ Ke7 43. g4 Rb7 44. gxf5 gxf5 45. h5 Rb8 46. Rc6 Kd7 47. Rd6+
Ke7 48. Rc6 Kd7 1/2-1/2

[Event "AUTO-ADV-4817"]
[Site "http://www.queenalice.com/game.php?id=1844767"]
[Date "2024.10.6"]
[Round "1"]
[White "matamuff"]
[Black "fbenevides2019"]
[Result "1-0"]
[WhiteElo "1880"]
[BlackElo "1805"]

1. g3 d5 2. Bg2 Nf6 3. d3 h6 4. a3 Nc6 5. e3 e5 6. Ne2 Bg4 7. Nd2 Bxe2 8. Qxe2
Qd7 9. O-O Ne7 10. c4 c6 11. b4 b5 12. c5 a5 13. Bb2 Ng6 14. Nf3 Qg4 15. Qc2 Qe6
16. Rfe1 a4 17. Rad1 Be7 18. d4 e4 19. Nd2 Qf5 20. f4 exf3 21. Qxf5 1-0

[Event "AUTO-ADV-4817"]
[Site "http://www.queenalice.com/game.php?id=1844768"]
[Date "2024.10.6"]
[Round "1"]
[White "fbenevides2019"]
[Black "matamuff"]
[Result "1-0"]
[WhiteElo "1803"]
[BlackElo "1893"]

1. d4 d6 2. e4 g6 3. d5 Bg7 4. c3 e5 5. dxe6 Bxe6 6. Nf3 Bg4 7. h3 Bxf3 8. Qxf3
Nc6 9. Bb5 a6 10. Bxc6+ bxc6 11. O-O Qd7 12. Be3 Nf6 13. Re1 O-O 14. Nd2 Rfe8
15. Bd4 c5 16. Bxf6 Bxf6 17. Qxf6 Qe7 18. Qxe7 Rxe7 19. f3 Rb8 20. b3 Rbe8 21.
g4 f5 22. Kf2 f4 23. c4 g5 24. Rh1 h6 25. h4 Rh7 26. hxg5 hxg5 27. Rxh7 Rc8 28.
Rah1 1-0

[Event "AUTO-ADV-4820"]
[Site "http://www.queenalice.com/game.php?id=1845563"]
[Date "2024.10.16"]
[Round "1"]
[White "zmanomega"]
[Black "matamuff"]
[Result "0-1"]
[WhiteElo "1734"]
[BlackElo "1832"]

1. e4 Nf6 2. Bd3 Nc6 3. a3 Ne5 4. Nf3 Nxd3+ 5. cxd3 d6 6. Qb3 e6 7. Nc3 g6 8. e5
Nd7 9. d4 Bg7 10. exd6 cxd6 11. d3 O-O 12. Nb5 Nf6 13. Bf4 Qa5+ 14. Nc3 Rd8 15.
O-O Qb6 16. Qc2 Nh5 17. Bg5 Re8 18. Rae1 Nf6 19. Na4 Qc6 20. Rc1 Qxc2 21. Rxc2
Nd5 22. Nc3 h6 23. Bd2 Ne7 24. Nb5 Rb8 25. Nxa7 Bd7 26. b4 Ra8 27. Rc7 Ba4 28.
Rxb7 Nd5 29. g3 g5 30. Rc1 Reb8 31. Rd7 Bxd7 0-1

[Event "AUTO-ADV-4820"]
[Site "http://www.queenalice.com/game.php?id=1845564"]
[Date "2024.10.16"]
[Round "1"]
[White "matamuff"]
[Black "zmanomega"]
[Result "0-1"]
[WhiteElo "1844"]
[BlackElo "1722"]

1. Nf3 d6 2. g3 h6 3. b3 Bf5 4. Bg2 c6 5. O-O g5 6. Bb2 f6 7. e3 Bg4 8. h3 Bf5
9. d3 d5 10. Nc3 e6 11. Nd2 h5 12. Ne2 h4 13. e4 dxe4 14. Nxe4 g4 15. Ng5 fxg5
16. Bxh8 gxh3 17. Bf3 g4 18. Bh1 hxg3 19. fxg3 Nf6 20. Nf4 Qd4+ 21. Kh2 Nbd7 22.
Qe2 Qd6 23. Bxf6 Nxf6 24. Nxe6 Bxe6 25. Rxf6 Kd7 26. Re1 Re8 27. Qxg4 Bxg4 28.
Rxd6+ Bxd6 29. Be4 Rf8 30. d4 Rf2+ 31. Kg1 Bxg3 32. Rf1 h2+ 33. Kh1 Rxf1+ 0-1

[Event "AUTO-ADV-4820"]
[Site "http://www.queenalice.com/game.php?id=1845577"]
[Date "2024.10.16"]
[Round "1"]
[White "juim"]
[Black "matamuff"]
[Result "0-1"]
[WhiteElo "1711"]
[BlackElo "1851"]

1. e4 Nf6 2. d3 d5 3. e5 Nfd7 4. d4 e6 5. Bf4 Be7 6. Nc3 a6 7. Qf3 Bg5 8. Nh3
Be7 9. Bd3 c5 10. dxc5 Nxc5 11. O-O Nc6 12. Be2 Nd4 13. Qg3 g6 14. Be3 Nf5 15.
Qg4 Nxe3 16. Qd4 Nxf1 17. Bxf1 O-O 18. Be2 Bd7 19. f4 f5 20. Bf3 h6 21. g3 Ne4
22. Nxe4 dxe4 23. Be2 Rc8 24. c3 Bc5 25. g4 Bxd4+ 26. cxd4 Bb5 27. Bxb5 axb5 28.
Rd1 Qh4 29. Nf2 Rc2 30. Rf1 Rxb2 31. a3 Rxf2 32. Rxf2 Qxg4+ 33. Kf1 Rc8 34. Rg2
Rc1+ 0-1

[Event "AUTO-ADV-4820"]
[Site "http://www.queenalice.com/game.php?id=1845578"]
[Date "2024.10.16"]
[Round "1"]
[White "matamuff"]
[Black "juim"]
[Result "0-1"]
[WhiteElo "1861"]
[BlackElo "1699"]

1. Nf3 d5 2. g3 Bg4 3. Bg2 e6 4. O-O Bc5 5. d4 Bb6 6. c3 Nf6 7. Nbd2 Ne4 8. Ne1
Qf6 9. Nd3 O-O 10. Ne5 Bf5 11. Nxe4 dxe4 12. Bf4 Nc6 13. Nc4 a6 14. Ne5 Nxe5 15.
Bxe5 Qh6 16. Bf4 Qf6 17. Qd2 Rad8 18. Bg5 Qg6 19. Bxd8 Rxd8 20. Qe3 e5 21. Rad1
exd4 22. cxd4 Qc6 23. Qc3 Qd5 24. e3 Qxa2 25. b3 Qe2 26. Qd2 Qh5 27. f4 c5 28.
d5 h6 29. Qa2 c4 30. bxc4 Bxe3+ 31. Kh1 Bh3 32. Qb2 b5 33. Rfe1 bxc4 34. Bxe4
Ba7 35. Rc1 Rc8 36. d6 f5 37. Qb7 fxe4 38. d7 Qf3# 0-1

[Event "AUTO-ADV-4820"]
[Site "http://www.queenalice.com/game.php?id=1845585"]
[Date "2024.10.16"]
[Round "1"]
[White "marcoswerneck"]
[Black "matamuff"]
[Result "1-0"]
[WhiteElo "1932"]
[BlackElo "1864"]

1. e4 Nf6 2. e5 Nd5 3. d4 d6 4. Nf3 Nc6 5. Bb5 Bd7 6. a3 dxe5 7. Bxc6 Bxc6 8.
Nxe5 Bb5 9. Nd3 g6 10. Qe2 Bg7 11. Be3 Nxe3 12. fxe3 Bxd3 13. Qxd3 Qd5 14. Qe2
O-O 15. Nc3 Qa5 16. O-O-O e6 17. g4 c5 18. g5 cxd4 19. exd4 Qxg5+ 20. Kb1 a6 21.
h4 Qa5 22. h5 Rad8 23. hxg6 b5 24. gxh7+ Kh8 25. Qg2 Qc7 26. Rdg1 f6 27. Ne4
Rxd4 28. Nxf6 Rxf6 29. Qxg7+ Qxg7 30. Rxg7 1-0

[Event "AUTO-ADV-4820"]
[Site "http://www.queenalice.com/game.php?id=1845586"]
[Date "2024.10.16"]
[Round "1"]
[White "matamuff"]
[Black "marcoswerneck"]
[Result "1/2-1/2"]
[WhiteElo "1839"]
[BlackElo "1954"]

1. Nf3 d6 2. g3 e5 3. Bg2 Be6 4. O-O g5 5. d3 h6 6. e4 g4 7. Nfd2 h5 8. Nc3 a6
9. Nc4 h4 10. Re1 hxg3 11. fxg3 Nc6 12. Nd5 Bxd5 13. exd5 Nd4 14. c3 Nf5 15.
Qxg4 Nh4 16. Bg5 Be7 17. gxh4 f6 18. Bd2 Bf8 19. Qg6+ Ke7 20. Qf5 Qd7 21. Qxd7+
Kxd7 22. Bh3+ Ke7 23. Re4 Bh6 24. Rf1 Bxd2 25. Nxd2 Nh6 26. Nf3 f5 27. Re2 Rag8+
28. Kh1 Kd8 29. Ng5 Kc8 30. Bxf5+ Nxf5 31. Rxf5 Kb8 32. Nf3 Ka7 33. Rf7 Kb6 34.
Rg2 Rc8 35. Rgg7 a5 36. a4 Rhe8 37. Re7 Rf8 38. Ref7 Rfe8 39. b4 e4 40. Nd4 exd3
41. Ne6 Rh8 42. Rf3 d2 43. Rd3 Rxh4 44. bxa5+ Kxa5 45. Rxd2 Rc4 46. Rg3 b6 47.
Nd4 Ka6 48. Rb2 Ka5 49. Rg1 Rxc3 50. Ra1 Ra8 51. Nc6+ Ka6 52. a5 b5 53. Nd4 Rc5
54. Nc2 Ka7 55. Nb4 Rh8 56. Nc6+ Ka6 57. Nb4+ Ka7 58. Nc6+ 1/2-1/2